LIBRARY & INFORMATION CENTRE, KCAET, TAVANUR

ONLINE PUBLIC ACCESS CATALOGUE (OPAC)

Water analysis, Vol 3 / (Record no. 11099)

MARC details
000 -LEADER
fixed length control field 00451cam a2200181ua 4500
020 ## - INTERNATIONAL STANDARD BOOK NUMBER
ISBN 0-12-498303-0
041 ## - LANGUAGE CODE
Language code of text/sound track or separate title eng
082 ## - DEWEY DECIMAL CLASSIFICATION NUMBER
Classification number 628.161
Item number MIN/WA
100 ## - MAIN ENTRY--AUTHOR NAME
Personal name Minear, Roger A .
245 ## - TITLE STATEMENT
Title Water analysis, Vol 3 /
250 ## - EDITION STATEMENT
Edition statement 1 /
260 ## - PUBLICATION, DISTRIBUTION, ETC. (IMPRINT)
Place of publication New York :
Name of publisher Academic Press ,
Year of publication 1982.
300 ## - PHYSICAL DESCRIPTION
Number of Pages 456 ; .
700 1# - ADDED ENTRY--PERSONAL NAME
Personal name Keith, Lawrence H.
942 ## - ADDED ENTRY ELEMENTS (KOHA)
Koha item type Books
Holdings
Withdrawn status Lost status Damaged status Home library Current library Date acquired Full call number Accession Number Koha item type
      KAUAET KAUAET 31/03/1987 628.161 16352 Books
free website counter